[Event "BAN-chT"]
[Site "Dhaka"]
[Date "2017.12.11"]
[Round "3.3"]
[White "Mehdi, Hasan Parag"]
[Black "Hossain, Delwar"]
[Result "1/2-1/2"]
[WhiteElo "2232"]
[BlackElo "2102"]
[PlyCount "109"]
[EventDate "2017.12.09"]
[EventType "team-tourn"]
[EventRounds "11"]
[EventCountry "BAN"]
[SourceTitle "CBM 182 Extra"]
[Source "ChessBase"]
[SourceDate "2018.02.23"]
[SourceVersion "1"]
[SourceVersionDate "2018.02.23"]
[SourceQuality "1"]
[WhiteTeam "Sheikh Russel"]
[BlackTeam "Sultana Kamal Smirity Pathagar"]
[WhiteTeamCountry "BAN"]
[BlackTeamCountry "BAN"]

1. e4 c5 2. Nf3 Nc6 3. Bb5 d6 4. 0-0 Bd7 5. Re1 e6 6. c3 a6 7. Bf1 e5 8. h3 Be7 9. d4 Qc7 10. Be3 Nf6 11. Nbd2 0-0 12. d5 Nb8 13. g4 Ne8 14. Bd3 Qd8 15. Nf1 f6 16. Ng3 g6 17. Nh2 Ng7 18. Bh6 Rf7 19. a4 a5 20. Nhf1 Bf8 21. Nd2 Bc8 22. Nc4 b6 23. Rf1 Nd7 24. f4 exf4 25. Bxf4 Ne5 26. Bxe5 fxe5 27. Rxf7 Kxf7 28. Qf3+ Kg8 29. Rf1 Qe7 30. Nxb6 Rb8 31. Nxc8 Rxc8 32. Bb5 h6 33. Rf2 Qh4 34. Kg2 Be7 35. Nf1 Rf8 36. Qg3 Qxg3+ 37. Nxg3 Rb8 38. Nf1 Bg5 39. Nd2 Bxd2 40. Rxd2 Kf7 41. Kf2 Ne8 42. Bxe8+ Kxe8 43. Ke3 c4 44. g5 hxg5 45. Kf3 Kf7 46. Kg4 Rh8 47. b4 cxb3 48. Rb2 Rb8 49. Kxg5 Kg7 50. h4 Kf7 51. Kh6 Kf6 52. Rf2+ Ke7 53. Rb2 Kf6 54. Rf2+ Ke7 55. Rb2 1/2-1/2